000
00210nam a22001097a 4500
999
_c
533611
_d
533611
040
_c
dlc
082
_a
823.914
100
_a
Hilary Mantel
_9
27568
245
_a
Wolf Hall
300
_a
653p
942
_2
ddc
_c
BK